ბათუმის შოთა რუსთაველის სახელმწიფო უნივერსიტეტის ბიბლიოთეკა

რა უწყის წყალმა = What the water knows : (ბიბ.ჩანაწერი № 55745)

000 -ლიდერი
ფიქსირებული სიგრძის საკონტროლო ველი 01046nam a2200253Ia 4500
001 - საკონტროლო ნომერი
საკონტროლო ველი 22840
003 - საკონტროლო ნომრის იდენტიფიკატორი
საკონტროლო ველი GE_BSU
005 - ბოლო ოპერაციის თარიღი და დრო
საკონტროლო ველი 20230519113322.0
008 - ფიქსირებული სიგრძის მონაცემთა ელემენტები - ზოგადი ინფორმაცია
ფიქსირებული სიგრძის საკონტროლო ველი 181216s ||||ge |||||||||||||| ||geo||
020 ## - წიგნის საერთაშორისო სტანდარტული ნომერი
International Standard Book Number 9789941261336
040 ## - კატალოგიზაციის წყარო
Transcribing agency GE_BSU
041 ## - ენის კოდი
Language code of text/sound track or separate title geo
080 ## - უნივერსალური ათობითი კლასიფიკაციის ინდექსი
Universal Decimal Classification number 821.111(73)-1ჰ-26
100 ## - მთავარი ჩანაწერი - პიროვნების სახელი
Personal name ჰამილი, სემ
9 (RLIN) 18135
245 ## - ცნობა სათაურის შესახებ
Title რა უწყის წყალმა = What the water knows :
Remainder of title ლექსები /
Statement of responsibility, etc სემ ჰამილი ; ინგლისურიდან თარგმნა ხატია გაგნიძემ.
264 ## - წარმოების, გამოცემის, დისტრიბუციის და სხვა ცნობები
გამოცემის, წარმოების, დისტრიბუციის... ადგილი თბილისი :
გამოცემის, წარმოების, დისტრიბუციის... სახელწოდება უნივერსალი,
გამოცემის, წარმოების, დისტრიბუციის... თარიღი 2017.
300 ## - ფიზიკური აღწერა
Extent 70 გვ. ;
Dimensions 14 სმ.
546 ## - LANGUAGE NOTE
Language note ლექსები ქართულ და ინგლისურ ენებზე
653 ## - INDEX TERM--UNCONTROLLED
Uncontrolled term ლექსები
653 ## - INDEX TERM--UNCONTROLLED
Uncontrolled term რა უწყის წყალმა
700 ## - ADDED ENTRY--PERSONAL NAME
Personal name გაგნიძე, ხატია
Relator term მთარგმნელი
9 (RLIN) 17979
942 ## - ADDED ENTRY ELEMENTS (KOHA)
Koha item type წიგნი
Source of classification or shelving scheme
ეგზემპლარები
ჩამოწერის სტატუსი დაკარგული ეგზემპლარის სტატუსი კლასიფიკაციის წყარო ან თაროზე გაწყობის სქემა დაზიანების სტატუსი არ გაიცემა მუდმივი მდებარეობა (დაცვის ადგილი) ამჟამინდელი ადგილსამყოფელი თაროზე განთავსების ადგილი შეძენის თარიღი ღირებულება, შესყიდვის ნორმალური ფასი სრული შენახვის შიფრი შტრიხკოდი ბოლო ოპერაციის თარიღი ეგზემპლარის მიმდევრობითი ნომერი (კეტერი?) ფასის ძალაში შესვლის თარიღი ეგზემპლარის სახეობა საჯარო შენიშვნა
          ბათუმის შოთა რუსთაველის სახელმწიფო უნივერსიტეტის მთავარი ბიბლიოთეკა ბათუმის შოთა რუსთაველის სახელმწიფო უნივერსიტეტის მთავარი ბიბლიოთეკა წიგნსაცავი 2018-12-17 2.00 821.111(73)-1ჰ-26 58257 2018-12-17 58257 2018-12-17 წიგნი 2.00 ₾.